Statistics for Olympic Pictograms by Year

Click here to take the quiz!

General Stats

  • This quiz has been taken 4 times
  • The average score is 7 of 31

Answer Stats

Answer% Correct
Albertville 1992
50%
Athens 2004
50%
Atlanta 1996
50%
Barcelona 1992
50%
Beijing 2008
50%
Innsbruck 1976
50%
Lake Placid 1980
50%
Vancouver 2010
50%
Beijing 2022
25%
Los Angeles 1984
25%
Mexico City 1968
25%
Montreal 1976
25%
Salt Lake City 2002
25%
Sapporo 1972
25%
Sarajevo 1984
25%
Tokyo 1964
25%
Tokyo 2020
25%
Torino 2006
25%
Calgary 1988
0%
Grenoble 1968
0%
Lillehammer 1994
0%
London 2012
0%
Moscow 1980
0%
Munich 1972
0%
Nagano 1998
0%
Paris 2024
0%
Pyeongchang 2018
0%
Rio 2016
0%
Seoul 1988
0%
Sochi 2014
0%
Sydney 2000
0%

Score Distribution

Percentile by Number Answered

Percent of People with Each Score

Your Score History

You have not taken this quiz